Marine Engineering Series: Marine Control Practice (Record no. 8739)

000 -LEADER
fixed length control field 00350nam a2200133Ia 4500
008 - FIXED-LENGTH DATA ELEMENTS--GENERAL INFORMATION
fixed length control field 2001031987||||xx |||||||||||||| ||und||
020 ## - INTERNATIONAL STANDARD BOOK NUMBER
International Standard Book Number 0408013133,
082 ## - DEWEY DECIMAL CLASSIFICATION NUMBER
Classification number 623.85
Item number TAY
100 ## - MAIN ENTRY--PERSONAL NAME
Personal name Taylor, D. A.
245 #0 - TITLE STATEMENT
Title Marine Engineering Series: Marine Control Practice
260 ## - PUBLICATION, DISTRIBUTION, ETC. (IMPRINT)
Name of publisher, distributor, etc Butterworths, London
Date of publication, distribution, etc 1987
Place of publication, distribution, etc London
300 ## - PHYSICAL DESCRIPTION
Extent 424p.
942 ## - ADDED ENTRY ELEMENTS (KOHA)
Item type Books
Holdings
Withdrawn status Lost status Source of classification or shelving scheme Damaged status Not for loan Permanent location Current location Date acquired Barcode Date last seen Koha item type Public note
          IMU-MPC Library IMU-MPC Library 2020-01-08 MPC5357 2025-03-17 Books Column - 42
Copyright © 2021 Indian Maritime University, Mumbai Port Campus. All Rights Reserved. Managed & Maintained by Central Library, IMU-Mumbai

webs counters

Powered by Koha